000 00844nam0a22002531 4500
001 rc\88904
005 20250620175045.0
035 _a(NLR Aleph) 005355875
090 _a6846318
_c6846318
100 _a20021216d1994 |||y0rusy50 ca
101 0 _arus
102 _aRU
105 _ay |||||||||
200 1 _aОсновы праматерии
_e(Квант-силовая концепция)
210 _aМ.
_cАгат
_d1994
215 _a123 с.
_d20
700 1 _aПятницкая
_bН.Н.
_gНина Никитична
701 1 _7ca
_8rus
_aКириллов
_bА. И.
_cд-р филос. наук, д-р техн. наук
_f1931-2019
_gАлексей Иванович
_9246367
_3RU\NLR\AUTH\770246423
801 0 _aRU
_bNLR
_gpsbo
801 1 _aRU
_bELAR
_2rusmarc
852 _aNLR
_j95-3/1013
942 _cBOOK
980 _aNB